书目信息 |
| 题名: |
系统科学大学讲稿
|
|
| 作者: | 苗东升 著 | |
| 分册: | ||
| 出版信息: | 北京 中国人民大学出版社 2007.06 |
|
| 页数: | 453页 | |
| 开本: | 24cm | |
| 丛书名: | ||
| 单 册: | ||
| 中图分类: | N94 | |
| 科图分类: | ||
| 主题词: | 系统科学 | |
| 电子资源: | ||
| ISBN: | 978-7-300-08618-7 | |
| 000 | 00764 nam 000229 | |
| 001 | 617003 | |
| 005 | 20100807094914.34 | |
| 010 | @a978-7-300-08618-7@dCNY36.80 | |
| 100 | @a20100515d1997 em y0chiy0121 ea | |
| 101 | 0 | @achi |
| 102 | @aCN@b110000 | |
| 105 | @ay z 000yy | |
| 200 | 1 | @a系统科学大学讲稿@Axi tong ke xue da xue jiang gao@f苗东升著@Fmiao dong sheng zhu |
| 210 | @a北京@c中国人民大学出版社@d2007.06 | |
| 215 | @a453页@d24cm | |
| 300 | @a文理通识大课堂 | |
| 330 | @a本书集中介绍系统科学观点和系统方法,简要介绍系统科学大家的哲学见解和探索,并包含作者近年来对系统科学的性质、特点、存在问题和未来走向的新思考。 | |
| 606 | 0 | @a系统科学 |
| 690 | @aN94@v4 | |
| 701 | 0 | @a苗东升@Amiao dong sheng@4著 |
| 801 | 0 | @aCN@c20100515 |
| 905 | @dN94@eM720@f5 | |
| 系统科学大学讲稿/苗东升著.-北京:中国人民大学出版社,2007.06 |
| 453页;24cm |
| 文理通识大课堂 |
| ISBN 978-7-300-08618-7:CNY36.80 |
| 本书集中介绍系统科学观点和系统方法,简要介绍系统科学大家的哲学见解和探索,并包含作者近年来对系统科学的性质、特点、存在问题和未来走向的新思考。 |
| ● |
| 相关链接 |
|
|
|
正题名:系统科学大学讲稿
索取号:N94/M720
 
预约/预借
| 序号 | 登录号 | 条形码 | 馆藏地/架位号 | 状态 | 备注 |
| 1 | 999476 | 209994764 | 期刊室512/401自科库 142排1列2层/ [索取号:N94/M720] | 在馆 | |
| 2 | 999477 | 209994773 | 期刊室512/401自科库 142排1列2层/ [索取号:N94/M720] | 在馆 | |
| 3 | 999478 | 209994782 | 期刊室512/401自科库 142排1列2层/ [索取号:N94/M720] | 在馆 | |
| 4 | 999479 | 209994791 | 期刊室512/401自科库 142排1列2层/ [索取号:N94/M720] | 在馆 | |
| 5 | 999480 | 209994808 | 社科二线400B/400B社科库 31排2列1层/ [索取号:N94/M720] | 在馆 |